书目信息 |
| 题名: |
潘懋元教育口述史
|
|
| 作者: | 潘懋元 口述 ;肖海涛 , 殷小平 整理 | |
| 分册: | ||
| 出版信息: | 北京 北京师范大学出版社 2007 |
|
| 页数: | 277页 | |
| 开本: | 26cm | |
| 丛书名: | ||
| 单 册: | ||
| 中图分类: | K825.46=76 , G649.2 , K825.46 | |
| 科图分类: | ||
| 主题词: | 教育家--生平事迹--中国--现代 , 高等教育--研究--中国 | |
| 电子资源: | ||
| ISBN: | 978-7-303-07913-1 | |
| 000 | 01016nam0 2200289 450 | |
| 001 | 1561715502 | |
| 005 | 20150124170847.98 | |
| 010 | @a978-7-303-07913-1@dCNY51.00 | |
| 100 | @a20070328d2007 em y0chiy50 ea | |
| 101 | 0 | @achi |
| 102 | @aCN@b110000 | |
| 105 | @aa z 000yd | |
| 200 | 1 | @a潘懋元教育口述史@9pan mao yuan jiao yu kou shu shi@f潘懋元口述@g肖海涛,殷小平整理 |
| 210 | @a北京@c北京师范大学出版社@d2007 | |
| 215 | @a277页@c图,照片@d26cm | |
| 330 | @a本书共分6章,从早年生活、负笈求学、厦大岁月、开创中国高等教育学、高等教育问题研究、拳拳之心等方面讲述了厦门大学教育学家潘懋元的生平事迹。 | |
| 606 | 0 | @a教育家@x生平事迹@y中国@z现代 |
| 606 | 0 | @a高等教育@x研究@y中国 |
| 610 | 0 | @a潘懋元(1920-) |
| 690 | @aK825.46=76@v5 | |
| 690 | @aG649.2@v5 | |
| 690 | @aK825.46@v4 | |
| 701 | 0 | @a潘懋元@9pan mao yuan@f(1920~)@4口述 |
| 702 | 0 | @a肖海涛@9xiao hai tao@c(高等教育)@4整理 |
| 702 | 0 | @a殷小平@9yin xiao ping@f(1977~)@4整理 |
| 801 | 0 | @aCN@bTSSF@c20150115 |
| 905 | @aZUCC@dK825.46@eJY1 | |
| 潘懋元教育口述史/潘懋元口述/肖海涛,殷小平整理.-北京:北京师范大学出版社,2007 |
| 277页:图,照片;26cm |
| ISBN 978-7-303-07913-1:CNY51.00 |
| 本书共分6章,从早年生活、负笈求学、厦大岁月、开创中国高等教育学、高等教育问题研究、拳拳之心等方面讲述了厦门大学教育学家潘懋元的生平事迹。 |
| ● |
| 相关链接 |
|
|
|
|
正题名:潘懋元教育口述史
索取号:K825.46/JY1
 
预约/预借
| 序号 | 登录号 | 条形码 | 馆藏地/架位号 | 状态 | 备注 |
| 1 | 7844757 | 278447575 | 学院路分馆/ [索取号:K825.46/JY1] | 在馆 |